Politics in Canada : Culture, institutions, behaviour, and public policy
Shranjeno v:
| Glavni avtor: | |
|---|---|
| Format: | Knjiga |
| Jezik: | Undetermined |
| Izdano: |
Sacrborough, Ontario
Prentice-Hall Canada Inc.
1990
|
| Oznake: |
Označite
Brez oznak, prvi označite!
|
| Thư viện lưu trữ: | Trung tâm Học liệu Trường Đại học Cần Thơ |
|---|
| LEADER | 00549nam a2200181Ia 4500 | ||
|---|---|---|---|
| 001 | CTU_156361 | ||
| 008 | 210402s9999 xx 000 0 und d | ||
| 082 | |a 320.971 | ||
| 082 | |b J13 | ||
| 100 | |a Jackson, Robert J. | ||
| 245 | 0 | |a Politics in Canada : | |
| 245 | 0 | |b Culture, institutions, behaviour, and public policy | |
| 245 | 0 | |c Robert J. Jackson, Doreen Jackson | |
| 260 | |a Sacrborough, Ontario | ||
| 260 | |b Prentice-Hall Canada Inc. | ||
| 260 | |c 1990 | ||
| 904 | |i Giang sửa | ||
| 980 | |a Trung tâm Học liệu Trường Đại học Cần Thơ | ||